| 000 | 00464nam a2200181Ia 4500 | ||
|---|---|---|---|
| 003 | LK-CoDNM | ||
| 005 | 20241205131146.0 | ||
| 008 | 010623t1966 xxu||||| |||| 00| 1 sin d | ||
| 040 |
_aLK-CoDNM _dLK-CoDNM _eLK-CoDNM |
||
| 041 | _asin | ||
| 080 |
_a(X) 8-9 _bMAH |
||
| 100 | _aPannila,Chandrasena | ||
| 245 | _aමහාවංශය ,පරි.13-14 | ||
| 246 | _aMahawansaya - 13-14 | ||
| 260 |
_bRATHNA _aColombo 10 |
||
| 300 | _b100p, 21 cm | ||
| 942 | _cBK | ||
| 999 |
_c233134 _d233134 |
||